Liverpool's Opponents in European Finals - Statistics

General Stats
  • This quiz has been taken 251 times
  • The average score is 7 of 10
Answer Stats
Opponents % Correct
Real Madrid
100%
AC Milan
99%
Tottenham Hotspur
97%
Sevilla
82%
Juventus
79%
Roma
67%
Alavés
46%
Borussia Mönchengladbach
44%
Borussia Dortmund
43%
Club Brugge
37%
No matching quizzes found
Score Distribution
Percent of People with Each Score
Percentile by Number Answered
Your Score History
You have not taken this quiz